000 00216nam a2200085Ia 4500
008 120527s9999 xx 000 0 und d
100 _aDrooyan & Wootoy
245 _aElementary algebra for college students
942 _cBK
999 _c27836
_d27836